00976nam a22002777a 45000050016000000080041000160100014000570200026000710200023000970350013001200350017001330370015001500370023001650400018001880820010002062400032002162450128002482600046003762700063004223000030004855000051005156500044005666500047006107000020006577000021006772009061902092.0030731s2003 ii 000 1 eng  aENG-94111 a9780198063254c375.00 a0198063253c375.00 aEN-77644 aB-361770-775 bDBAD / PUB bUppal Booka Store  adplbEnglish  a840.9 aYantrārūḍha.lEnglish aA wilderness of possibilities:cedited by Kathryn Hansen (and) David Lelyveld burdu studies in transnational perspective / aNew Delhi bOxford University Pressc2009 aYMCA Library Building, Jai Singh Road,bNew Delhi e110001 axiii, 303 p. c22cm(pbk)  aIncludes bibliographical references and index  aUrdu literaturexHistory and criticism. aPersian literaturexHistory and criticism. aHansen Kathryn  aLelyveld, David